MARC details
| 000 -CABECERA |
| campo de control de longitud fija |
02435nam a2200385 i 4500 |
| 001 - NÚMERO DE CONTROL |
| campo de control |
000005195 |
| 003 - IDENTIFICADOR DEL NÚMERO DE CONTROL |
| campo de control |
OSt |
| 005 - FECHA Y HORA DE LA ÚLTIMA TRANSACCIÓN |
| campo de control |
20260310135007.0 |
| 007 - CAMPO FIJO DE DESCRIPCIÓN FÍSICA--INFORMACIÓN GENERAL |
| campo de control de longitud fija |
ta |
| 008 - DATOS DE LONGITUD FIJA--INFORMACIÓN GENERAL |
| campo de control de longitud fija |
090814s2004 dr ac 001 0 spa d |
| 020 ## - NÚMERO INTERNACIONAL ESTÁNDAR DEL LIBRO |
| Número Internacional Estándar del Libro |
9993448133 |
| 040 ## - FUENTE DE LA CATALOGACIÓN |
| Centro catalogador/agencia de origen |
DO-SdBNP |
| Lengua de catalogación |
spa |
| Centro/agencia transcriptor |
BNPHU |
| Normas de descripción |
rda |
| 041 ## - CÓDIGO DE LENGUA |
| Código de lengua del texto/banda sonora o título independiente |
spa |
| 082 #4 - NÚMERO DE LA CLASIFICACIÓN DECIMAL DEWEY |
| Número de clasificación |
342.729302 |
| Número de documento/Ítem |
C758m |
| Número de edición |
22 |
| 245 00 - MENCIÓN DE TÍTULO |
| Título |
Constitución de 1963, 40 años después : |
| Resto del título |
vivencias y perspectivas / |
| Mención de responsabilidad, etc. |
edición, Aura Celeste Fernández R. ... [y otros] ; prólogo, Jorge Nef. |
| 250 ## - MENCIÓN DE EDICIÓN |
| Mención de edición |
Primera edición |
| 264 ## - PRODUCCIÓN, PUBLICACIÓN, DISTRIBUCIÓN, FABRICACIÓN Y COPYRIGHT |
| Producción, publicación, distribución, fabricación y copyright |
Santo Domingo, República Dominicana : |
| Nombre del de productor, editor, distribuidor, fabricante |
UNIBE, |
| Fecha de producción, publicación, distribución, fabricación o copyright |
©2004. |
| 300 ## - DESCRIPCIÓN FÍSICA |
| Extensión |
xli, 230 páginas : |
| Otras características físicas |
ilustraciones, retratos ; |
| Dimensiones |
22 cm. |
| 336 ## - TIPO DE CONTENIDO |
| Término de tipo de contenido |
texto |
| Código de tipo de contenido |
txt |
| Fuente |
rdacontent |
| 337 ## - TIPO DE MEDIO |
| Nombre/término del tipo de medio |
sin mediación |
| Código del tipo de medio |
n |
| Fuente |
rdamedia |
| 338 ## - TIPO DE SOPORTE |
| Nombre/término del tipo de soporte |
volumen |
| Código del tipo de soporte |
nc |
| Fuente |
rdacarrier |
| 500 ## - NOTA GENERAL |
| Nota general |
Ponencias del panel realizado en UNIBE el 29 de abril de 2003. |
| 504 ## - NOTA DE BIBLIOGRAFÍA, ETC. |
| Nota de bibliografía, etc. |
Incluye bibliografía y notas al pie de páginas. |
| 504 ## - NOTA DE BIBLIOGRAFÍA, ETC. |
| Nota de bibliografía, etc. |
Bibliografía: páginas 39-41. |
| 505 0# - NOTA DE CONTENIDO CON FORMATO |
| Información miscelánea |
Presentación / |
| Mención de responsabilidad |
Aura Celeste Fernández R. -- |
| Información miscelánea |
Prólogo / |
| Mención de responsabilidad |
Jorge Nef. -- |
| Título |
Palabras de bienvenida al panel / |
| Mención de responsabilidad |
Gustavo Batista Vergas; Diomedes Núñez Polanco; Aura Celeste Fernández R.; Guillermo Moreno -- |
| Título |
Los derechos sociales en la Constitución de 1963 / |
| Mención de responsabilidad |
Rafael f. Albuquerque -- |
| Título |
La Constitución de 1963 y sus antecedentes / |
| Mención de responsabilidad |
Luis Gómez Pérez -- |
| Título |
Derechos humanos en la Constitución de 1963 / |
| Mención de responsabilidad |
Cesar Pina Toribio -- |
| Título |
Factores que incidieron en formación de la Constitución de 1963 / |
| Mención de responsabilidad |
Flavio Darío Espinal Jacobo -- |
| Título |
Trascendencia histórica de la Constitución de 1963: insinuaciones para la renovación democrática y popular dominicana / |
| Mención de responsabilidad |
José Antínoe Fiallo Billini -- |
| Título |
Impacto de la Constitución de 1963 en la prensa / |
| Mención de responsabilidad |
Rafael Molina Morillo -- |
| Título |
El legado de la Constitución de 1963 a la reforma constitucional pendiente / |
| Mención de responsabilidad |
Leyda Margarita Piña -- |
| Información miscelánea |
Palabras de cierre del evento / |
| Mención de responsabilidad |
Daniel Beltré -- |
| Información miscelánea |
Anexos. |
| 590 ## - NOTA LOCAL (RLIN) |
| Nota local |
Inventariado,2019/VM |
| 651 14 - PUNTO DE ACCESO ADICIONAL DE MATERIA--NOMBRE GEOGRÁFICO |
| Nombre geográfico |
REPÚBLICA DOMINICANA |
| Subdivisión general |
CONSTITUCIÓN 1963 |
| 9 (RLIN) |
448 |
| 651 14 - PUNTO DE ACCESO ADICIONAL DE MATERIA--NOMBRE GEOGRÁFICO |
| Nombre geográfico |
REPÚBLICA DOMINICANA |
| Subdivisión general |
DERECHO CONSTITUCIONAL |
| -- |
ENSAYOS, CONFERENCIAS, ETC. |
| 9 (RLIN) |
14860 |
| 700 1# - PUNTO DE ACCESO ADICIONAL--NOMBRE DE PERSONA |
| Nombre de persona |
Fernández Rodríguez, Aura Celeste, |
| Fechas asociadas al nombre |
1959- |
| 9 (RLIN) |
76547 |
| 700 1# - PUNTO DE ACCESO ADICIONAL--NOMBRE DE PERSONA |
| Nombre de persona |
Nef, Jorge, |
| Término indicativo de función/relación |
prologuista |
| 9 (RLIN) |
14862 |
| Código de función/relación |
pr |
| 710 1# - PUNTO DE ACCESO ADICIONAL--NOMBRE DE ENTIDAD CORPORATIVA |
| Nombre de entidad corporativa o nombre de jurisdicción como elemento de entrada |
Universidad Iberoamericana (República Dominicana) |
| 9 (RLIN) |
10124 |
| 710 2# - PUNTO DE ACCESO ADICIONAL--NOMBRE DE ENTIDAD CORPORATIVA |
| Nombre de entidad corporativa o nombre de jurisdicción como elemento de entrada |
Fundación Juan Bosch |
| 9 (RLIN) |
84953 |
| 910 ## - DATOS DE OPCIÓN DEL USUARIO (OCLC) |
| Datos de opción del usuario |
Validado. Control de calidad EMS |
| 942 ## - ELEMENTOS DE PUNTO DE ACCESO ADICIONAL (KOHA) |
| Fuente del sistema de clasificación o colocación |
Dewey Decimal Classification |
| Tipo de ítem Koha |
Libro |